Statistiken für Walzer von Johann Strauss (Sohn)

Klicken Sie hier um das Quiz zu spielen!

Allgemein

  • Dieses Quiz wurde 36 mal gespielt
  • Das Durchschnittsergebnis liegt bei 5 aus 167

Antwortstatistiken

Op.Werk% Korrekt
314An der schönen blauen Donau
86%
354Wiener Blut
57%
325Geschichten aus dem Wienerwald
43%
437Kaiser-Walzer
43%
410Frühlingsstimmen
29%
316Künstlerleben
29%
477An der Elbe
14%
370Cagliostro-Walzer
14%
367Du und Du
14%
407Italienischer Walzer
14%
411Lagunen-Walzer
14%
74Lava-Ströme
14%
232Lebenswecker
14%
273Leitartikel
14%
444Märchen aus dem Orient
14%
279Morgenblätter
14%
395Myrthenblüthen
14%
438Rathausball-Tänze
14%
388Rosen aus dem Süden
14%
418Schatz-Walzer
14%
1Sinngedichte
14%
204Vibrationen
14%
333Wein, Weib und Gesang
14%
179Abschieds-Rufe
0%
210Abschied von St. Petersburg
0%
234Accellerationen
0%
424Adelen-Walzer
0%
68Aeols-Töne
0%
36Architecten-Ball-Tänze
0%
87Aurora-Ball-Tänze
0%
292Aus den Bergen
0%
150Ballg'schichten
0%
361Bei uns z'Haus
0%
18Berglieder
0%
295Bürgersinn
0%
306Bürgerweisen
0%
55Burschen-Lieder
0%
357Carnevalsbilder
0%
270Carnevals-Botschafter
0%
262Colonnen
0%
267Concurrenzen
0%
191Controversen
0%
207Cycloiden
0%
220Deutsche
0%
261Die ersten Curen
0%
205Die Extravaganten
0%
70Die Gemüthlichen
0%
34Die Jovialen
0%
7Die jungen Wiener
0%
22Die Oesterreicher
0%
321Die Publicisten
0%
27Die Sanguiniker
0%
108Die Unzertrennlichen
0%
30
Die Zillerthaler
0%
252Dividenden
0%
427Donauweibchen
0%
47Dorfgeschichten
0%
66D'Woaldbuama
0%
62Einheits-Klänge
0%
175Erhöhte Pulse
0%
329Erinnerung an Covent-Garden
0%
45Ernte-Tänze
0%
64Fantasiebilder
0%
11Faschingslieder
0%
312Feenmärchen
0%
293Feuilleton
0%
300Flugschriften
0%
99Fraunkäferln
0%
52Freiheits-Lieder
0%
171Freuden-Salven
0%
340Freuet euch des Lebens
0%
73Frohsinns-Spenden
0%
105Fünf Paragraphe aus dem Walzer-Codex
0%
97Gambrinus-Tänze
0%
461Gartenlaube-Walzer
0%
172Gedanken auf den Alpen
0%
215Gedankenflug
0%
163Glossen
0%
247Grillenbanner
0%
181Großfürstin Alexandra
0%
440Groß-Wien
0%
4Gunstwerber
0%
85Heimaths-Kinder
0%
216Hell und voll
0%
471Heut' ist heut'!
0%
89Hirten-Spiele
0%
453Hochzeitsreigen
0%
298Hofball-Tänze
0%
455Ich bin dir gut!
0%
95Idyllen
0%
331Illustrationen
0%
235Immer heiterer
0%
387Ins Centrum
0%
32Irenen-Walzer
0%
218Irrlichter
0%
82Johannis-Käferln
0%
12Jugend-Träume
0%
177Juristenball-Tänze
0%
208Jux-Brüder
0%
434Kaiser-Jubiläum
0%
381Kennst du mich?
0%
50Klänge aus der Walachei
0%
251Klangfiguren
0%
462Klug Gretelein
0%
140Knallkügerln
0%
334Königslieder
0%
184Krönungslieder
0%
400Kuß-Walzer
0%
180Libellen-Walzer
0%
114Liebeslieder
0%
21Lind-Gesänge
0%
118Lockvögel
0%
81Luisen Sympathie Klänge
0%
167Man lebt nur einmal
0%
79Maxing-Tänze
0%
101Mephisto's Höllenrufe
0%
265Motoren
0%
154Myrthen-Kränze
0%
157Nachtfalter
0%
61Neue Steierische Tänze
0%
342Neu Wien
0%
445Ninetta-Walzer
0%
390Nordseebilder
0%
146Novellen
0%
90Orakel-Sprüche
0%
375O schöner Mai!
0%
161Panacea-Klänge
0%
189Paroxysmen
0%
264Patronessen
0%
193Phänomene
0%
125Phönix-Schwingen
0%
221Promotionen
0%
227Reiseabenteuer
0%
94Rhadamantus-Klänge
0%
41Sängerfahrten
0%
148Schallwellen
0%
143Schnee-Glöckchen
0%
253Schwärmereien
0%
223Schwungräder
0%
443Seid umschlungen, Millionen
0%
233Sentenzen
0%
5Serail-Tänze
0%
435Sinnen und Minnen
0%
164Sirenen
0%
128Solon-Sprüche
0%
200Souvenir de Nizza
0%
209Spiralen
0%
15Sträusschen
0%
285Studentenlust
0%
346Tausend und eine Nacht
0%
195Telegrafische Depeschen
0%
318Telegramme
0%
245Thermen
0%
463Trau, schau, wem!
0%
136Vermählungs-Toaste
0%
119Volkssänger
0%
250Wahlstimmen
0%
141Wellen und Wogen
0%
307Wiener Bonbons
0%
268Wiener Chronik
0%
423Wiener Frauen
0%
131Wiener Punch-Lieder
0%
192Wien, mein Sinn!
0%
42Wilde Rosen
0%
104Windsor-Klänge
0%
364Wo die Citronen blüh'n!
0%
25Zeitgeister
0%

Verteilung der Resultate

Perzentil nach korrekt beantworteten Fragen

Anzahl Personen mit jedem Resultat

Ihre Resultats-Entwicklung

Sie haben dieses Quiz noch nicht gespielt